Development of remote sensing based models for sugarcane crop yield prediction at spatial and regional scale (Record no. 5776)

MARC details
000 -LEADER
fixed length control field 00627nam a22001937a 4500
003 - CONTROL NUMBER IDENTIFIER
control field OSt
005 - DATE AND TIME OF LATEST TRANSACTION
control field 20220107122831.0
008 - FIXED-LENGTH DATA ELEMENTS--GENERAL INFORMATION
fixed length control field 170802b xxu||||| |||| 00| 0 eng d
040 ## - CATALOGING SOURCE
Transcribing agency IIITMK
100 ## - MAIN ENTRY--PERSONAL NAME
Personal name Nemi, C (92315017)
9 (RLIN) 12535
245 ## - TITLE STATEMENT
Title Development of remote sensing based models for sugarcane crop yield prediction at spatial and regional scale
300 ## - PHYSICAL DESCRIPTION
Extent MSC GIS-Main Project
502 ## - DISSERTATION NOTE
Degree type MSC GIS
Name of granting institution 2015-2017
Year degree granted EXT
-- Dr Rojalin Tripathy<br/>Scientist,SAC,ISRO
650 ## - SUBJECT ADDED ENTRY--TOPICAL TERM
Topical term or geographic name entry element REMOTE SENSING
9 (RLIN) 12536
650 ## - SUBJECT ADDED ENTRY--TOPICAL TERM
Topical term or geographic name entry element AGRO METEOROLOGY
9 (RLIN) 12537
650 ## - SUBJECT ADDED ENTRY--TOPICAL TERM
Topical term or geographic name entry element SUGARCANE YIELD
9 (RLIN) 12538
650 ## - SUBJECT ADDED ENTRY--TOPICAL TERM
Topical term or geographic name entry element NDVI
9 (RLIN) 12539
942 ## - ADDED ENTRY ELEMENTS (KOHA)
Source of classification or shelving scheme Dewey Decimal Classification
Koha item type
Holdings
Withdrawn status Lost status Source of classification or shelving scheme Damaged status Not for loan Collection code Home library Current library Shelving location Date acquired Total Checkouts Barcode Date last seen Price effective from Koha item type
    Dewey Decimal Classification     Non Fiction IIITM-K Kerala University of Digital Sciences, Innovation and Technology Knowledge Centre   02/08/2017   R-1299 02/08/2017 02/08/2017 Project Reports